Informace a PC
Využívanie obchodných informácií z databázových centier. Databázové centrá Dialóg a BRS. Databázové centrá pre užívateľov, ktorí nemajú k dispozícií veľké knižnice - plnotextové články, štatistické dátabázy, analýzy, finančné databázy a bibliografické súbory.
Na minha lista:
| Autor principal: | |
|---|---|
| Formato: | Capítulo de Livro |
| Idioma: | tcheco |
| Assuntos: | |
| Tags: |
Sem tags, seja o primeiro a adicionar uma tag!
|
MARC
| LEADER | 00000naa a2200000 4500 | ||
|---|---|---|---|
| 001 | r023657 | ||
| 005 | 20230911123614.4 | ||
| 041 | 0 | |a cze | |
| 044 | |a CZ | ||
| 245 | 1 | 0 | |a Informace a PC |c P. Trmač |
| 520 | |a Využívanie obchodných informácií z databázových centier. Databázové centrá Dialóg a BRS. Databázové centrá pre užívateľov, ktorí nemajú k dispozícií veľké knižnice - plnotextové články, štatistické dátabázy, analýzy, finančné databázy a bibliografické súbory. | ||
| 610 | 2 | 0 | |a informácie ekonomické |
| 610 | 2 | 0 | |a informácie obchodno-ekonomické |
| 610 | 2 | 0 | |a informácie štatistické |
| 610 | 2 | 0 | |a centrá databázové |
| 610 | 2 | 0 | |a systémy dialógové |
| 610 | 2 | 0 | |a BRS |
| 610 | 2 | 0 | |a využitie počítačov |
| 610 | 2 | 0 | |a technika výpočtová |
| 100 | 1 | |a Trmač, P. | |